| 000 | 00782nam a2200253Ia 4500 | ||
|---|---|---|---|
| 003 | OSt | ||
| 005 | 20221005115015.0 | ||
| 006 | a|||||r|||| 00| 0 | ||
| 007 | ta | ||
| 008 | 221004b |||||||| |||| 00| 0 eng d | ||
| 020 |
_a9879993674801 (hbk) _cINR 3500.00 |
||
| 024 | _a35337 | ||
| 037 |
_b196, 10/11/2017, Eastern Book Linkers _cTextual |
||
| 040 |
_aCRL _cCRL _beng |
||
| 041 |
_2eng _aeng |
||
| 082 | _aV44971, Q7 | ||
| 100 |
_aTenzin Ugyen Au. _9626974 |
||
| 245 | 0 |
_aBhutan's crowning glory _b the journey of a king and his people in the last ten years |
|
| 260 | _c2017 | ||
| 300 |
_a157p. _ccm. |
||
| 650 | _aBHUTAN - HISTORY | ||
| 942 |
_hV44971, Q7 _cTEXL _2cc |
||
| 999 |
_c1033139 _d1033139 |
||